| Tag |
First Indicator |
Second Indicator |
Subfields |
| LEADER |
00000cam a22000004a 4500 |
| 001 |
in00002169321 |
| 005 |
20151104054128.0 |
| 008 |
060118s2006 cauac b 001 0 eng |
| 010 |
|
|
|a 2006001696
|
| 020 |
|
|
|a 1851097716 (hardcover : alk. paper)
|
| 020 |
|
|
|a 1851097767 (ebook)
|
| 024 |
3 |
|
|a 9781851097715
|
| 035 |
|
|
|a (OCoLC)ocm63137221
|
| 040 |
|
|
|a DLC
|c DLC
|d UtOrBLW
|
| 042 |
|
|
|a pcc
|
| 043 |
|
|
|a n-us---
|
| 049 |
|
|
|a TXAM
|
| 050 |
0 |
0 |
|a JK2446.5
|b .E94 2006
|
| 082 |
0 |
0 |
|a 352.3/2130973
|2 22
|
| 245 |
0 |
4 |
|a The executive branch of state government :
|b people, process, and politics /
|c edited by Margaret R. Ferguson.
|
| 264 |
|
1 |
|a Santa Barbara, Calif. :
|b ABC-CLIO,
|c [2006]
|
| 264 |
|
4 |
|c ©2006
|
| 300 |
|
|
|a xxiii, 467 pages :
|b illustrations, portraits ;
|c 27 cm.
|
| 336 |
|
|
|a text
|b txt
|2 rdacontent
|
| 337 |
|
|
|a unmediated
|b n
|2 rdamedia
|
| 338 |
|
|
|a volume
|b nc
|2 rdacarrier
|
| 490 |
1 |
|
|a ABC-CLIO's about state government
|
| 504 |
|
|
|a Includes bibliographical references (pages 427-433) and index.
|
| 650 |
|
0 |
|a Executive departments
|z United States
|x States.
|
| 650 |
|
0 |
|a Administrative agencies
|z United States
|x States.
|
| 650 |
|
0 |
|a State governments
|z United States.
|
| 650 |
|
0 |
|a Governors
|z United States.
|
| 700 |
1 |
|
|a Ferguson, Margaret Robertson.
|
| 830 |
|
0 |
|a ABC-CLIO's about state government.
|
| 856 |
4 |
1 |
|3 Table of contents
|u http://www.loc.gov/catdir/toc/ecip067/2006001696.html
|t 0
|
| 945 |
|
|
|i PromptCat
|
| 947 |
|
|
|a A14834127920
|
| 948 |
|
|
|a cataloged
|b h
|c 2006/6/14
|d c
|e dmitchel
|f 4:20:10 pm
|
| 994 |
|
|
|a 92
|b TXA
|
| 999 |
|
|
|a MARS
|
| 999 |
f |
f |
|s 1f9c5e8f-6a0a-39b5-84ff-200ca896fb97
|i 0835b2d1-da62-3135-ba19-f4ef247ad383
|t 0
|
| 952 |
f |
f |
|p ric
|a Texas A&M University
|b Rellis Campus
|c Joint Library Facility
|d Remote Storage
|t 0
|e JK2446.5 .E94 2006
|h Library of Congress classification
|i unmediated -- volume
|m A14834127920
|
| 998 |
f |
f |
|a JK2446.5 .E94 2006
|t 0
|l Remote Storage
|